[Event "Morava-ch U16"]
[Site "Bystrice nad Pernstejnem"]
[Date "2024.11.01"]
[Round "9"]
[White "Sknouril, Jakub"]
[Black "Zadrapova, Amalie"]
[Result "0-1"]
[WhiteElo "1787"]
[BlackElo "1840"]
[PlyCount "80"]
[EventDate "2024.10.26"]
[EventType "swiss"]
[EventRounds "9"]
[EventCountry "CZE"]
[SourceTitle "CB45_2024"]
[Source "ChessBase"]
[SourceDate "2024.11.06"]
[SourceVersion "1"]
[SourceVersionDate "2024.11.06"]
[SourceQuality "1"]

1. d4 Nf6 2. c4 g6 3. Nc3 Bg7 4. e4 d6 5. Be2 0-0 6. Be3 e5 7. d5 c6 8. g4 cxd5 9. cxd5 a6 10. g5 Nfd7 11. h4 b5 12. Qd2 Nb6 13. Nh3 Nc4 14. Bxc4 bxc4 15. f3 Re8 16. 0-0-0 Nd7 17. h5 Nf8 18. Rdg1 Rb8 19. Nf2 Re7 20. Ng4 Bxg4 21. Rxg4 Reb7 22. Nd1 c3 23. bxc3 Qa5 24. Qc2 Qa3+ 25. Kd2 Rb2 26. Nxb2 Rxb2 27. Rgg1 Rxc2+ 28. Kxc2 Qxa2+ 29. Kd3 gxh5 30. Rxh5 Ng6 31. Rhh1 Nf4+ 32. Bxf4 exf4 33. Re1 Qb2 34. Rc1 Qf2 35. Rhf1 Qe3+ 36. Kc4 Qc5+ 37. Kd3 a5 38. Rfe1 a4 39. Rc2 a3 40. Ree2 a2 0-1

[Event "Stare Mesto Slovacky op"]
[Site "Stare Mesto"]
[Date "2024.08.05"]
[Round "2"]
[White "Macharacek, Jakub"]
[Black "Sknouril, Jakub"]
[Result "1/2-1/2"]
[WhiteElo "1602"]
[BlackElo "1752"]
[PlyCount "120"]
[EventDate "2024.08.05"]
[EventType "swiss"]
[EventRounds "9"]
[EventCountry "CZE"]
[SourceTitle "EXT 2025"]
[Source "ChessBase"]
[SourceDate "2024.10.14"]
[SourceVersion "1"]
[SourceVersionDate "2024.10.14"]
[SourceQuality "1"]

1. e4 d6 2. d4 Nf6 3. Nc3 Nbd7 4. Nf3 e5 5. dxe5 dxe5 6. Be3 Bb4 7. Bd3 0-0 8. 0-0 Bxc3 9. bxc3 b6 10. Re1 Bb7 11. Bg5 Qe7 12. Qe2 h6 13. Bh4 Qc5 14. Qd2 Qd6 15. Rad1 Nc5 16. Bxf6 Qxf6 17. Qe3 Rad8 18. Nd2 Rd7 19. Nb3 Ne6 20. Bc4 Rxd1 21. Rxd1 Rd8 22. Rxd8+ Qxd8 23. Qd3 Qe7 24. Bxe6 Qxe6 25. f3 Kh7 26. Kf2 c5 27. c4 Ba6 28. Nd2 Bb7 29. g4 Qe7 30. Nf1 Qh4+ 31. Kg2 Qe1 32. Qd2 Qxd2+ 33. Nxd2 Kg6 34. h4 Ba6 35. Kg3 h5 36. g5 f5 37. Kf2 f4 38. Ke2 Kf7 39. Kd3 Ke6 40. Kc3 Kd6 41. a4 Bc8 42. Kb3 Bd7 43. c3 Be8 44. Ka3 Bd7 45. Kb3 Be8 46. Ka3 Bf7 47. Kb3 a6 48. Kc2 Be8 49. Kb3 Bd7 50. Ka3 Be6 51. Kb3 Kc7 52. Kc2 Kc6 53. Kb2 b5 54. axb5+ axb5 55. cxb5+ Kxb5 56. Ka3 Bc4 57. Nb3 Bxb3 58. Kxb3 g6 59. c4+ Kb6 60. Ka3 Ka5 1/2-1/2

[Event "Brno op"]
[Site "Brno"]
[Date "2022.11.15"]
[Round "4"]
[White "Sknouril, Jakub"]
[Black "Snasel, Michal"]
[Result "1-0"]
[WhiteElo "1359"]
[BlackElo "1675"]
[PlyCount "59"]
[EventDate "2022.11.12"]
[EventType "swiss"]
[EventRounds "9"]
[EventCountry "CZE"]
[SourceTitle "CBM 211 Extra"]
[Source "ChessBase"]
[SourceDate "2023.01.31"]
[SourceVersion "1"]
[SourceVersionDate "2023.01.31"]
[SourceQuality "1"]

1. c3 d6 2. d4 Nd7 3. Nf3 e5 4. e4 Ngf6 5. Bg5 Be7 6. Bxf6 Bxf6 7. d5 0-0 8. Nbd2 g6 9. g3 Bg7 10. Bg2 Nc5 11. 0-0 f5 12. Qc2 fxe4 13. Nxe4 Nxe4 14. Qxe4 Bf5 15. Qe3 Bf6 16. h4 Kg7 17. Nd2 g5 18. hxg5 Bxg5 19. Qe2 Qd7 20. Ne4 Be7 21. Kh2 Bg4 22. Qe3 Rf5 23. Rh1 Raf8 24. Raf1 Rf3 25. Bxf3 Bxf3 26. Ng5 Bxg5 27. Qxg5+ Kh8 28. Qh4 Rf5 29. Kg1 Rh5 30. Qf6+ 1-0